Doğal olan : (Record no. 200429710)

MARC details
000 -LEADER
fixed length control field 00781nam a2200277uu 4500
001 - CONTROL NUMBER
control field 200429710
003 - CONTROL NUMBER IDENTIFIER
control field TR-AnTOB
005 - DATE AND TIME OF LATEST TRANSACTION
control field 20241227163753.0
008 - FIXED-LENGTH DATA ELEMENTS--GENERAL INFORMATION
fixed length control field 180322s2016 tu tur
020 ## - INTERNATIONAL STANDARD BOOK NUMBER
International Standard Book Number 9786054797158
040 ## - CATALOGING SOURCE
Original cataloging agency TR-AnTOB
Language of cataloging eng
Transcribing agency TR-AnTOB
Description conventions rda
041 #0 - LANGUAGE CODE
Language code of text/sound track or separate title Türkçe
050 #0 - LIBRARY OF CONGRESS CALL NUMBER
Classification number QP39
Item number .D64 2016
090 #0 - LOCALLY ASSIGNED LC-TYPE CALL NUMBER (OCLC); LOCAL CALL NUMBER (RLIN)
Classification number (OCLC) (R) ; Classification number, CALL (RLIN) (NR) QP39
Local cutter number (OCLC) ; Book number/undivided call number, CALL (RLIN) .D64 2016
245 1# - TITLE STATEMENT
Title Doğal olan :
Remainder of title yaz dinlencesi akademik sohbeti-5 /
Statement of responsibility, etc. editör Yüğcel Sayman.
264 ## - PRODUCTION, PUBLICATION, DISTRIBUTION, MANUFACTURE, AND COPYRIGHT NOTICE
Place of production, publication, distribution, manufacture İstanbul:
Name of producer, publisher, distributor, manufacturer Medipol Üniversitesi,
Date of production, publication, distribution, manufacture, or copyright notice 2016
300 ## - PHYSICAL DESCRIPTION
Extent 151 s. ;
Dimensions 21 cm.
336 ## - CONTENT TYPE
Source rdacontent
Content type term text
337 ## - MEDIA TYPE
Source rdamedia
Media type term unmediated
338 ## - CARRIER TYPE
Source rdacarrier
Carrier type term volume
650 #0 - SUBJECT ADDED ENTRY--TOPICAL TERM
Topical term or geographic name entry element Human physiology
9 (RLIN) 5725
Topical term or geographic name entry element Human anatomy
9 (RLIN) 5539
902 ## - LOCAL DATA ELEMENT B, LDB (RLIN)
a 0029689
942 ## - ADDED ENTRY ELEMENTS (KOHA)
Source of classification or shelving scheme Library of Congress Classification
Koha item type Book
Holdings
Withdrawn status Lost status Source of classification or shelving scheme Damaged status Not for loan Collection code Home library Current library Shelving location Date acquired Source of acquisition Inventory number Total Checkouts Full call number Barcode Date last seen Date shelved Koha item type Copy number
    Library of Congress Classification Yeni / New Ödünç Verilebilir / Available Genel Koleksiyon Merkez Kütüphane Merkez Kütüphane Genel Koleksiyon / Main Collection 24/05/2018 Bağış / Donation TIP   QP39 .D64 2016 0056726 24/05/2018 31/05/2018 Book  
    Library of Congress Classification   Ödünç Verilebilir / Available Genel Koleksiyon Merkez Kütüphane Merkez Kütüphane Genel Koleksiyon / Main Collection 31/05/2018 Bağış / Donation TIP   QP39 .D64 2016 c.2 0056730 31/05/2018 31/05/2018 Book 2
Devinim Yazılım Eğitim Danışmanlık tarafından Koha'nın orjinal sürümü uyarlanarak geliştirilip kurulmuştur.